00310nam a2200121Ia 4500008004100000041000800041082001500049100002100064245003300085260002600118300003200144365001200176240624s9999 xx 000 0 und d aeng a300.72 ORN aORNSTEIN MICHAEL aCOMPANION TO SURVEY RESEARCH c2013aNew DelhibSage aviii, : 179 : p. : cm. ; 24 cBPSb38